| 000 -LEADER |
| fixed length control field |
00868nam a2200265 a 4500 |
| 001 - CONTROL NUMBER |
| control field |
9033 |
| 003 - CONTROL NUMBER IDENTIFIER |
| control field |
BD-DhUAP |
| 005 - DATE AND TIME OF LATEST TRANSACTION |
| control field |
20210201125141.0 |
| 008 - FIXED-LENGTH DATA ELEMENTS--GENERAL INFORMATION |
| fixed length control field |
201117s2001 ii a 001 0 eng d |
| 020 ## - INTERNATIONAL STANDARD BOOK NUMBER |
| International Standard Book Number |
0421391308 |
| 040 ## - CATALOGING SOURCE |
| Original cataloging agency |
BD-DhUAP |
| Language of cataloging |
eng |
| Transcribing agency |
BD-DhUAP |
| Modifying agency |
BD-DhUAP |
| 082 00 - DEWEY DECIMAL CLASSIFICATION NUMBER |
| Classification number |
342.06 PHI |
| Edition number |
23 |
| 100 ## - MAIN ENTRY--PERSONAL NAME |
| Personal name |
Phillips, O. Hood. |
| 245 ## - TITLE STATEMENT |
| Title |
O. Hood Phillips and Jackson's constitutional and administrative law / |
| Statement of responsibility, etc. |
O. Hood Phillips, Paul Jackson and Patricia Leopold. |
| 250 ## - EDITION STATEMENT |
| Edition statement |
7th ed. |
| 260 ## - PUBLICATION, DISTRIBUTION, ETC. |
| Place of publication, distribution, etc. |
London : |
| Name of publisher, distributor, etc. |
Sweet & Maxwell, |
| Date of publication, distribution, etc. |
c1987. |
| 300 ## - PHYSICAL DESCRIPTION |
| Extent |
lxxvi, 808 pages : |
| Other physical details |
illustrations ; |
| Dimensions |
22 cm. |
| 500 ## - GENERAL NOTE |
| General note |
For students of B. Sc., M. Sc., and also useful for competitive examinations. |
| 504 ## - BIBLIOGRAPHY, ETC. NOTE |
| Bibliography, etc. note |
Includes index. |
| 650 ## - SUBJECT ADDED ENTRY--TOPICAL TERM |
| Topical term or geographic name entry element |
Administrative law. |
| 700 ## - ADDED ENTRY--PERSONAL NAME |
| Personal name |
Jackson, Paul. |
| 700 ## - ADDED ENTRY--PERSONAL NAME |
| Personal name |
Leopold, Patricia. |
| 942 ## - ADDED ENTRY ELEMENTS (KOHA) |
| Source of classification or shelving scheme |
|
| Koha item type |
Book |